000 00305nam a22001337a 4500
008 170615b xxu||||| |||| 00| 0 eng d
020 _a0844733784
041 _aeng
080 _a32
100 _a19
101 _aSHP
245 _aHOUSING: FEDERAL POLICIES AND PROGRAMS
_cWEICHER,J.C
942 _2udc
_cBK
999 _c17541
_d17541